| 000 | 00603nam a2200193Ia 4500 | ||
|---|---|---|---|
| 003 | LDD | ||
| 008 | 190117s9999 xx 000 0 und d | ||
| 020 | _c₹50 | ||
| 040 | _cLDD | ||
| 041 | _ahi | ||
| 082 | _a8H3.7 र59201वि | ||
| 100 | _aरमाकांत | ||
| 245 | 0 |
_aबिस्तर और आकाश _cरमाकांत |
|
| 260 |
_aदिल्ली _bजगतराम _c1996 |
||
| 300 | _a103पृ. | ||
| 901 | _aVANI | ||
| 904 | _aReqst by : रीता रानी पालीवाल | ||
| 942 |
_2ddc _cH |
||
| 999 |
_c168051 _d168051 |
||